000 00450nam a2200181Ia 4500
001 18375
005 20260306171626.0
008 260306s9999||||xx |||||||||||||| ||und||
041 _aESP
082 _a658.4034
_bS29 2011
100 _aSchroeder, Roger G.
_eAUT
245 0 _aAdministración de operaciones:
_bconceptos y casos contemporaneos
260 _c2011
300 _a
_c
650 _aGEN
654 _aCAN
942 _cLIB
_dJUS
_fJUS
_2ddc
_n
999 _c18375
_d18375